Guia de pràctiques
保存先:
| 第一著者: | |
|---|---|
| フォーマット: | 図書 |
| 言語: | カタロニア語 |
| 出版事項: |
Barcelona
Universitat de Barcelona
1997
|
| シリーズ: | Textos Docents, 22
|
| 主題: | |
| タグ: |
タグ追加
タグなし, このレコードへの初めてのタグを付けませんか!
|
MARC
| LEADER | 00000nam a2200000 a 4500 | ||
|---|---|---|---|
| 001 | UCL6402 | ||
| 003 | CL-VaPUC | ||
| 008 | 040402e19970000SP |||||||||||||||||cat|d | ||
| 020 | |a 848982973X | ||
| 082 | 0 | 4 | |a 371.12 |b CAM |2 21 |
| 100 | 0 | |a Campos, María |e author |9 484094 | |
| 245 | 1 | 0 | |a Guia de pràctiques |
| 300 | |a 52 p | ||
| 942 | |c BK | ||
| 945 | |d 20040402 00:00:00 |a cmena | ||
| 260 | |a Barcelona |b Universitat de Barcelona |c 1997 | ||
| 650 | 0 | |a Docentes |9 311365 | |
| 650 | 0 | |a Práctica profesional |9 358078 | |
| 650 | 0 | |a Formación profesional de profesores |9 307493 | |
| 650 | 7 | |a MATERIAL Y EQUIPO DIDACTICOS |2 CL-VaPUC |9 309109 | |
| 583 | |a last modification |c 20040402 00:00:00 |k Rodrigo Vera | ||
| 490 | 0 | |a Textos Docents, 22 | |
| 999 | |c 308513 |d 308511 | ||
| 952 | |0 0 |1 0 |4 0 |6 371_120000000000000_CAM_1997 |7 0 |8 A |9 375088 |a BIBHIS |b BIBHIS |d 2019-11-21 |i 3925749 |o 371.12 CAM 1997 |p 3925749 |r 2025-01-20 |w 2019-11-21 |y BK |k HIS | ||